Prescott Microbiology / (Record no. 342914)
[ view plain ]
| 000 -LEADER | |
|---|---|
| fixed length control field | 00481cam a2200181ua 4500 |
| 003 - CONTROL NUMBER IDENTIFIER | |
| control field | OSt |
| 008 - FIXED-LENGTH DATA ELEMENTS--GENERAL INFORMATION | |
| fixed length control field | 190603b ||||| |||| 00| 0 eng d |
| 020 ## - INTERNATIONAL STANDARD BOOK NUMBER | |
| International Standard Book Number | 9789814581561 |
| 082 ## - DEWEY DECIMAL CLASSIFICATION NUMBER | |
| Classification number | 576 |
| Item number | WIL/MI |
| 100 ## - MAIN ENTRY--PERSONAL NAME | |
| Personal name | Willey, Jaonne M . |
| 9 (RLIN) | 4200 |
| 245 ## - TITLE STATEMENT | |
| Title | Prescott Microbiology / |
| 250 ## - EDITION STATEMENT | |
| Edition statement | 9th ed. |
| 260 ## - PUBLICATION, DISTRIBUTION, ETC. (IMPRINT) | |
| Place of publication, distribution, etc. | New York : |
| Name of publisher, distributor, etc. | Mc Graw hill , |
| Date of publication, distribution, etc. | 2014. |
| 300 ## - PHYSICAL DESCRIPTION | |
| Extent | 1014 p. |
| 700 1# - ADDED ENTRY--PERSONAL NAME | |
| Personal name | Sherwood, Linda M . |
| 9 (RLIN) | 4201 |
| 700 1# - ADDED ENTRY--PERSONAL NAME | |
| Personal name | Woolverton, Christopher J . |
| 9 (RLIN) | 4202 |
| 942 ## - ADDED ENTRY ELEMENTS (KOHA) | |
| Koha item type | Book Bank scheme for SC students |
| Withdrawn status | Lost status | Damaged status | Not for loan | Collection code | Home library | Current library | Shelving location | Date acquired | Total Checkouts | Full call number | Barcode | Date last seen | Price effective from | Koha item type |
|---|---|---|---|---|---|---|---|---|---|---|---|---|---|---|
| Malayalam | Kelappaji College of Agricultural Engineering & Technology Library, Tavanur | Kelappaji College of Agricultural Engineering & Technology Library, Tavanur | 03/06/2019 | 576 WIL/MI | KAU_KCAEFT-BB 509 | 03/06/2019 | 03/09/2025 | Book Bank scheme for SC students | ||||||
| Malayalam | Kelappaji College of Agricultural Engineering & Technology Library, Tavanur | Kelappaji College of Agricultural Engineering & Technology Library, Tavanur | 03/06/2019 | 576 WIL/MI | KAU_KCAEFT-BB 510 | 03/06/2019 | 03/06/2019 | Book Bank scheme for SC students |
